000 00394nam a2200169Ia 4500
001 29345
003 IN-NITTTR
005 20251114233400.0
008 251113s9999||||xx |||||||||||||| ||eng||
040 _beng
040 _cIN-NITTTR
041 _aeng
082 _a621.38275 S71L
100 _aSarah, P.
245 0 _aLasers and optical fibre communications /
_cSarah, P.
942 _2ddc
_cBK
999 _c31973
_d31973